=LDR 00000nam 2200000 4500 =001 NUTBA000000000003622 =005 20200211075432 =035 ##$$a 0010-081400000000467 =008 200211################g##########0#ind## =020 ##$$a 978-979-29-0375-1 =082 ##$$a 0001.42 =100 ##$$a Jogiyanto HM. =245 1#$$a Metodologi penelitian sistem informasi : $b Pedoman dan contoh melakukan penelitian di bidang sistem teknologi informasi /$c Prof. Jogiyanto HM ,Akt, MBA, Ph.D =250 ##$$a Ed.1 =260 ##$$a Yogyakarta :$b ANDI,$c 2008 =300 ##$$a x, 306 hlm. : $b ilus. ; $c 19x23 cm. =850 ##$$a NBPNMAT =084 ##$$a 0001.42 JOG m =650 #4$$a Metode Penelitian =504 ##$$a Bibliografi : hlm. 295 - 306 =990 ##$$a 0001/BPAP-NTB/20142014 =990 ##$$a 0001/BPAP-NTB/20142014 =990 ##$$a 21404484 =990 ##$$a 0001/BPAP-NTB/20142014 =990 ##$$a 0001/BPAP-NTB/20142014 =990 ##$$a 0001/BPAP-NTB/2015 =990 ##$$a 0001/BPAP-NTB/20142014 =990 ##$$a 0001/BPAP-NTB/20142014 =990 ##$$a 0001/BPAP-NTB/20142014 =990 ##$$a 21404484 =990 ##$$a 0001/BPAP-NTB/20142014 =990 ##$$a 0001/BPAP-NTB/2015 =990 ##$$a 0001/BPAP-NTB/2015 =990 ##$$a 0001/BPAP-NTB/2015 =990 ##$$a 0001/BPAP-NTB/20142014 =990 ##$$a 0001/BPAP-NTB/20142014 =990 ##$$a 0001/BPAP-NTB/20142014 =990 ##$$a 0001/BPAP-NTB/20142014 =990 ##$$a 21404484 =990 ##$$a 21404484 =990 ##$$a 0001/BPAP-NTB/20142014 =990 ##$$a 0001/BPAP-NTB/20142014 =990 ##$$a 0001/BPAP-NTB/20142014 =990 ##$$a 0001/BPAP-NTB/20142014